000
00325nam a2200133 a 4500
001
4140
005
20140414132024.0
008
090218s19uu xx 00 eng d
050
_a
TR
_b
H81 1987
100
_a
Carle, Eric
245
_a
A House for hermit crab.
260
_a
New York :
_b
Scholastic ,
_c
1987.
999
_c
113533
_d
113533